Pahcan/ (Record no. 607995)
[ view plain ]
| 000 -LEADER | |
|---|---|
| fixed length control field | 00398nam a22001577a 4500 |
| 020 ## - INTERNATIONAL STANDARD BOOK NUMBER | |
| International Standard Book Number | 9789696100607 |
| 082 ## - DEWEY DECIMAL CLASSIFICATION NUMBER | |
| Classification number | 891.4393 |
| Author Mark | IQB |
| 100 ## - MAIN ENTRY--PERSONAL NAME | |
| Personal name | Iqbal, Sanawar |
| 245 ## - TITLE STATEMENT | |
| Title | Pahcan/ |
| Statement of responsibility, etc. | Sanawar Iqbal |
| 260 ## - PUBLICATION, DISTRIBUTION, ETC. | |
| Place of publication, distribution, etc. | Lahore: |
| Name of publisher, distributor, etc. | Ilm o irfan publishers; |
| Date of publication, distribution, etc. | 2024. |
| 300 ## - PHYSICAL DESCRIPTION | |
| Extent | 176p. |
| 563 ## - BINDING INFORMATION | |
| Binding note | HB. |
| 650 ## - SUBJECT ADDED ENTRY--TOPICAL TERM | |
| Topical term or geographic name entry element | Urdu Novel |
| -- | dastan |
| 880 ## - ALTERNATE GRAPHIC REPRESENTATION | |
| Linkage | 245-02\r |
| Title | پہچان |
| 942 ## - ADDED ENTRY ELEMENTS (KOHA) | |
| Source of classification or shelving scheme | |
| Koha item type | Book |
| 650 ## - SUBJECT ADDED ENTRY--TOPICAL TERM | |
| -- | 121035 |
| Withdrawn status | Lost status | Source of classification or shelving scheme | Materials specified (bound volume or other part) | Damaged status | Not for loan | Permanent Location | Current Location | Date acquired | Source of acquisition | Total Checkouts | Total Renewals | Full call number | Barcode | Date last seen | Date last checked out | Price effective from | Koha item type |
|---|---|---|---|---|---|---|---|---|---|---|---|---|---|---|---|---|---|
| Donated by Dr.Sanawar Iqbal Assistant Commissioner Inland Revenue, Lahore | Central Library (CL) | Central Library (CL) | 02/21/2024 | Donated by Author | 1 | 1 | 891.4393 IQB | CL-D-2600 | 12/05/2025 | 09/20/2025 | 02/21/2024 | Book |
